000 01183namaa22002651i 4500
001 178230
003 ES-MaACL
005 20231226211510.0
008 110524s1912 sp |||| |dspa d
245 0 0 _aExpediente académico de Don Marcelino Menéndez y Pelayo.
250 _aPublicación oficial.
260 _aValladolid :
_b[s.n.,
_c1912] (
_fTip. y Casa Editorial Cuesta)
300 _a37 p. ;
_c24 cm.
530 _aDisponible en formato digital.
594 _aIncluye (p. [19]-36) el discurso del autor como opositor con el tít. "Conceptismo, gongorismo y culteranismo, sus causas y efectos en la literatura española"
594 _aPrecede al tít.: Universidad Literaria de Valladolid.
600 1 7 _aMenéndez y Pelayo, Marcelino,
_d1856-1912-
_xBiografías
_2
_9169556
650 4 _aCulteranismo.
_9170415
650 4 _aConceptismo.
_9169557
700 1 _aMenéndez y Pelayo, Marcelino,
_d1856-1912
_980332
710 2 _aUniversidad Literaria de Valladolid.
_97394
852 _aES-MaACL
_jT-1329-F-11
856 _uhttp://bibliotecadigital.jcyl.es/i18n/consulta/registro.cmd?id=11471
_zBiblioteca Digital de Castilla y León
999 _c178230
_d178230